000 01174nam a2200289 4500
001 0000015158
003 CO-CtgCURN
005 20250331184729.0
007 ta
008 160627s1993 000 0 eng d
040 _aCO-CtgCURN
_bspa
_ccoctgcurn
082 0 _a467.02
_bG71es
100 1 _aGonzález de Chaves, Lucila.
245 1 0 _aEspanol y literatura :
_boctavo grado educación basica secundaria /
_cLucila González de Chaves , ilustraciones Sonia M. Puentes , Adalberto Mendez.
250 _a3a ed.
260 _aMedellin :
_bBedout Editores,
_c1993.
300 _a245 p.
336 _2rdacontent
337 _2rdamedia
_asin mediacion
_bn
338 _2rdacarrier
_avolumen
_bnc
505 8 _aEl lenguaje en imagenes.--Leer hablar y escuchar.--La literatura que enseña y analiza.--La literatura que hace historia.--Del romanticismo al costumbrismo.--Del modernismo al postmodernismo.--Los generos literarios en la colombia contemporanea
650 1 4 _aEspañol
_vEnseñanza.
700 1 _aPuentes, Sonia M., il.
908 _a160627
942 _cBK
_h467.02
_iG71es
_2ddc
999 _c20669
_d20669